[Event "VIE-ch Resolution (Women) 7th"]
[Site "Bac Giang"]
[Date "2014.12.12"]
[Round "7"]
[White "Dinh, Thi Phuong Thao"]
[Black "Tran, Thi Mong Thu"]
[Result "0-1"]
[WhiteElo "1747"]
[BlackElo "1934"]
[PlyCount "72"]
[EventDate "2014.12.05"]
[EventType "swiss"]
[EventRounds "9"]
[EventCountry "VIE"]
[SourceTitle "EXT 2019"]
[Source "ChessBase"]
[SourceDate "2018.10.10"]
[SourceVersion "1"]
[SourceVersionDate "2018.10.10"]
[SourceQuality "1"]

1. e4 c5 2. Nf3 d6 3. d4 cxd4 4. Nxd4 Nf6 5. Nc3 a6 6. Be2 e5 7. Nb3 Be7 8. Qd3 0-0 9. 0-0 b5 10. a3 Be6 11. Qg3 Kh8 12. Rd1 Qc7 13. f4 Nbd7 14. f5 Bxb3 15. cxb3 Nc5 16. Nd5 Qa5 17. Be3 Nfxe4 18. Qg4 Bg5 19. Bxg5 Nxg5 20. Qxg5 Nxb3 21. Kh1 f6 22. Qh5 Nxa1 23. Rxa1 Rac8 24. Rd1 Rc5 25. Bf3 Rfc8 26. Nc3 Qc7 27. Nd5 Qa7 28. h3 Rc1 29. Nc3 Rxd1+ 30. Bxd1 Qf2 31. Bf3 Qxb2 32. Nd5 Qa1+ 33. Kh2 e4 34. Nb6 Qe5+ 35. Kh1 exf3 36. Nxc8 f2 0-1

[Event "VIE-ch Resolution (Women) 7th"]
[Site "Bac Giang"]
[Date "2014.12.05"]
[Round "1"]
[White "Le, Kieu Thien Kim"]
[Black "Dinh, Thi Phuong Thao"]
[Result "1/2-1/2"]
[WhiteElo "2138"]
[BlackElo "1747"]
[PlyCount "125"]
[EventDate "2014.12.05"]
[EventType "swiss"]
[EventRounds "9"]
[EventCountry "VIE"]
[SourceTitle "EXT 2016"]
[Source "ChessBase"]
[SourceDate "2015.10.08"]
[SourceVersion "1"]
[SourceVersionDate "2015.10.08"]
[SourceQuality "1"]

1. d4 d5 2. Nf3 Nf6 3. Bf4 c5 4. e3 Qb6 5. Nc3 Qxb2 6. Nb5 Na6 7. Rb1 Qxa2 8. Ra1 Qb2 9. Rxa6 bxa6 10. Nc7+ Kd8 11. Nxa8 Ne4 12. Bc7+ Ke8 13. Ba5 Qa2 14. Bd2 Bb7 15. Nc7+ Kd8 16. Ne6+ fxe6 17. Bd3 Nxd2 18. Qxd2 Qa1+ 19. Ke2 Qxh1 20. Qa5+ Kc8 21. Qxc5+ Kb8 22. Ne5 g6 23. Qb4 Ka8 24. Nf7 Qxh2 25. g3 Qh5+ 26. Kd2 Bh6 27. Nxh8 Qf3 28. Qxe7 Qxf2+ 29. Kc3 Qf8 30. Qxf8+ Bxf8 31. Nf7 Be7 32. Kb3 Kb8 33. Ka4 Bc6+ 34. Ka5 Bb5 35. Bxb5 axb5 36. Ka6 b4 37. Ne5 Bg5 38. Kb5 Kc7 39. Kxb4 Bxe3 40. Kc5 Bf2 41. g4 Bg3 42. Nf3 h5 43. Ng5 Kd7 44. gxh5 gxh5 45. c4 Bd6+ 46. Kb5 a6+ 47. Kxa6 dxc4 48. Ne4 h4 49. Kb5 c3 50. Nxc3 h3 51. Ne4 h2 52. Nf2 Ke7 53. Kc6 Bf4 54. d5 e5 55. d6+ Kd8 56. Kd5 Kd7 57. Nh1 Ke8 58. Nf2 Kf7 59. Ke4 Ke6 60. Kf3 Kxd6 61. Kg2 Kd5 62. Nd3 Ke4 63. Nxe5 1/2-1/2